[Event "EU-ch 16th"]
[Site "Jerusalem"]
[Date "2015.02.25"]
[Round "2"]
[White "Neverov, Valeriy"]
[Black "Marin, Mihail"]
[Result "1/2-1/2"]
[WhiteElo "2485"]
[BlackElo "2603"]
[Annotator "Marin,M"]
[PlyCount "82"]
[EventDate "2015.02.24"]
[EventType "swiss"]
[EventRounds "11"]
[EventCountry "ISR"]
[SourceTitle "CBM 166"]
[Source "ChessBase"]
[SourceDate "2015.05.11"]
[SourceVersion "1"]
[SourceVersionDate "2015.05.11"]
[SourceQuality "1"]

1. d4 d5 2. c4 e6 3. Nc3 Nf6 4. Bg5 Nbd7 5. cxd5 exd5 6. e3 h6 7. Bh4 Be7 8.
Bd3 O-O 9. Nf3 b6 10. O-O Bb7 {I played this old-fashioned form of the
Tartakover variation quite a few times last year,} 11. Qe2 (11. Rc1 c5 12. Bf5
(12. Qc2 c4 13. Bf5 {1-0 (32) Hawkins,J (2533)-Marin,M (2583) Douglas 2014}) (
12. b3 {0-1 (92) Ionescu,C (2441)-Marin,M (2581) Calimanesti 2014 CBM 164 
[Marin,M]}) 12... Re8 {0-1 (41) Ma,Z (2459)-Marin,M (2579) Benasque 2014 CBM
161 [Marin,M]}) 11... c5 12. Ba6 {A typical manoeuvre, aiming at weakening the
d5-pawn.} (12. Rad1 Ne4 13. Bg3 {transposes to a normal Tartakover. For some
reasons, the most popular move is} Qc8 {as in Babula,V (2594)-Konopka,M (2447)
Havlickuv Brod 2008 CBM 123 [Babula,V] (1-0, 43) but I would prefer taking on
g3 at once.}) 12... Qc8 {The queen hurries to replace the bishop. The last
move also solves the sometimes not so simple problem of finding a good square
for Her Majesty.} 13. Bxb7 Qxb7 {By this moment I was reproaching to myself
that I had not looked through my lines properly, as I could not remember what
I had analysed in this position. After the game, I found there was a good
explanation for that: the position is almost new in practice!} 14. dxc5 {
A well-timed exchange.} ({If} 14. Rfd1 {I was considering} c4 {In the absence
of the light-squared bishops this structure tends to favour Black. For
instance, the typical break} 15. b3 {would only cause problems to White:} Bb4
16. Rac1 b5 17. bxc4 Bxc3 18. Rxc3 dxc4 {[%cal Gf6e4,Gf6d5] Black's queenside
majority is more threatening than the massive, but still immobile white centre.
}) 14... bxc5 15. Rfd1 Rfd8 {Black has no immediate worries, but he has to be
careful not to run out of useful moves, as the advance of either central pawn
would not bring him any benefit.} 16. Rd2 ({A few rounds later I faced} 16.
Rac1 Rac8 17. h3 Nb6 18. Rc2 {Black is completely mobilised so the next move
is almost a must.} Ne4 19. Bxe7 Qxe7 20. Nxe4 dxe4 21. Rxd8+ Rxd8 22. Nd2 {
Black's space advantage, together with the control of the d-file and the
perfect coordination at least compensate for the minor structural weakness.}
Rd5 ({After a long thought I refrained from} 22... Rd3 {because of} 23. f3 {
, but Black keeps his stabiliy with} f5 24. fxe4 fxe4 {when the e3-pawn may
become a source of worries for White.}) 23. Nb1 Rd3 24. Nc3 Qe5 25. Qg4 {
The activation of the white queen could cause some problems, but I had
prepared the next move in advance.} h5 26. Qf4 ({Only not} 26. Qxe4 $4 Rd1+ $1
{winning the queen.}) 26... Qxf4 27. exf4 f5 28. Nb5 {At first I got scared
when I saw this move, especially that I was getting short of time. But Black
has an adequate solution to it.} a6 29. Nc7 Nd5 30. Nxd5 (30. Nxa6 $2 {takes
the knight far from the centre and is too risky} Rd1+ 31. Kh2 e3 {[%cal Gd1d2]}
32. fxe3 Nxe3 33. Rxc5 Nf1+ 34. Kg1 Ng3+ {[%cal Gg1h2,Gh5h4,Yd1h1] In order to
avoid mate on h1, White has to give up the exchange.} 35. Kf2 Ne4+ $17) ({
A simpler answer would have been} 30. Rxc5 Nxc7 31. Rxc7 Rd1+ 32. Kh2 Rd2 $11)
30... Rd1+ 31. Kh2 Rxd5 32. g4 h4 33. gxf5 Kf7 $15 {[%csl Rh2] Kantsler,B 
(2435)-Marin,M (2603) Jerusalem 2015 (1/2-1/2, 59)}) 16... Nb6 17. Rad1 Qc6 ({
In such positions, one plays} 17... Rac8 {almost automatically, but in the
absence of any pressure along the c-file I decided that improving the position
of the queen was a more important issue.}) ({I did not consider} 17... Ne4 {
at all, thinking that it would not work with the white rooks doubled on the
d-file. However, this would have been the simplest way to equality due to some
tactical nuances.} 18. Nxe4 dxe4 19. Rxd8+ Rxd8 20. Rxd8+ Bxd8 21. Bxd8 exf3
22. gxf3 (22. Qxf3 Qa6 $11 {retrieves the pawn since} 23. a3 $2 Qd3 {wins the
bishop.}) 22... Na4 23. b3 Nc3 24. Qc4 Qxf3 25. Qxc3 Qd1+ {with a draw by
perpetual.}) 18. h3 {A useful half-waiting move, showing that White did not
find any concrete way of increasing his pressure.} ({I had mainly calculated} 
18. Qb5 Qxb5 19. Nxb5 g5 20. Bg3 Ne4 21. Rc2 a6 22. Nc3 Nxg3 23. hxg3 Bf6 {
with an equal game. The analysis can be continued with} 24. g4 Rac8 25. Ne2 d4
26. exd4 cxd4 27. Rxc8 Nxc8 28. Nfxd4 (28. Nexd4 h5) (28. Ng3 Ne7) 28... Na7
29. Rd2 Nb5 30. Nf3 Rxd2 31. Nxd2 Bxb2) (18. Qa6 {did not bother me due to} Qe6
{unpinning the knight.}) (18. b3 {[%csl Gc4]} Qe6 19. a4 g5 20. Bg3 Ne4 21. Rc2
Nxc3 22. Rxc3 d4 23. Rcc1 Nd5 $36) 18... Qe6 19. Rc2 Rd7 {I was still
preocupied about strengthening my position.} ({I could have applied the same
method as in the game with Kantsler.} 19... Ne4 20. Bxe7 Qxe7 21. Nxe4 dxe4 22.
Nd2 Rd3 $11) 20. a4 {[%cal Ga4a5]} g5 {Black cannot delay concrete action
anymore.} (20... Rad8 21. a5 Nc4 22. Bxf6 Bxf6 23. Nxd5 Rxd5 24. Rxd5 Qxd5 25.
Qxc4 $14 {This is when h2-h3 proves useful.}) (20... a5 {weakens the queenside,
allowing} 21. Qb5 {with certain pressure.}) 21. Bg3 Ne4 22. a5 Nxg3 {Tempting,
but probably not the best.} (22... Nxc3 23. Rxc3 Nc4 24. a6 Bf6 25. Rc2 Rc8 $13
) 23. fxg3 Nc4 24. Nxd5 {This is what I expected, but it seems that White had
a better alternative.} (24. e4 $5 d4 25. Nd5 Ne5 26. Nxe5 Qxe5 27. Qf3 Kg7 28.
Rf2 $14) 24... Rxd5 25. Rxd5 Qxd5 26. Rxc4 (26. e4 $5 Qe6 (26... Qd6 27. Rxc4
Qxg3 28. e5 $14) 27. Rxc4 Rb8 28. Qc2 a6 {does not change the character of the
position.}) 26... Rb8 $44 {White has won a pawn but has weaknesses on both
wings. The weakness of the f5-square would become relevant only if the knight
would get access there, but this is not the case. Moreover, the g-pawn can be
used for attacking purposes.} 27. Kh2 a6 $1 {Threatening ...Rxb2 and taking
the control over the b5-square.} (27... Rxb2 $2 28. Qxb2 Qxc4 29. Qb8+ Bf8 30.
Qxa7 $18) 28. Rc2 Rb5 (28... Qe4 $5) 29. e4 Qe6 30. Qe1 ({As indicated by
Neverov after the game, White could avoid any problems by returning the pawn
for the sake of retrieving perfect harmony.:} 30. Nd2 Rxa5 31. Nc4 Rb5 32. e5
a5 $11) 30... g4 {This attack is less dangerous than it may look, even though
Valery was in some time trouble already.} (30... Bd8 31. b4 $1 Rxb4 (31... cxb4
$2 32. Nd4 $18) 32. Rxc5 Rxe4 33. Qc1 {starts looking dangerous for Black. The
white major pieces are active and the knight can already dream about going to
d4-f5.}) 31. hxg4 (31. Nd2 gxh3 32. gxh3 Bf6 33. Nc4 Bd4 {looks quite pleasant
for Black.}) 31... Qxg4 32. e5 Qh5+ 33. Nh4 Rb4 34. Qe2 Qxe2 ({At first I was
tempted to try} 34... Rg4 {, wondering what my opponent could have planned
against it. Fortunately, I found the refutation just in time.} 35. Kg1 $1 (35.
Rc4 $4 Rxh4+ {wins the queen.}) ({Neverov had actually planned} 35. e6 Bxh4 36.
gxh4 Qxh4+ 37. Kg1 {I had calculated} Re4 38. exf7+ Kf8 {and during the post
mortem we decided I was right, but there is a hidden defensive resource...} 39.
Rc4 $3 $11 Rxc4 $4 40. Qe8+) 35... Bxh4 36. Rc4 $16 {Since this was not
possible on the previous move, it took me some time to spot it. When I showed
the game to Dieter Nisipeanu, he immediately asked: what if} Rxc4 37. Qxh5 Bxg3
{with back rank problems for White. Unfortunately, White wins with} 38. Qxh6
$18 {controlling c1 and threatening to win the bishop with Qg5+.} ({If truth
be told, the passive} 38. Qd1 {would hold equality:} Re4 39. Kf1 Kg7 40. e6 $1
$11 {with perpetual in sight.})) 35. Rxe2 Bxh4 36. gxh4 Rxh4+ 37. Kg3 Ra4 38.
e6 Kf8 {Actually a blunder caused by the wish to find chances in a dead drawn
position, but fortunately there were no consequences for the final result.} (
38... fxe6 39. Rxe6 Rxa5 40. Rxh6 Rb5 $11) 39. Rf2 {Oops!} Rxa5 40. Rxf7+ Ke8
41. Kf4 Rb5 1/2-1/2

[Event "Litomerice 1st"]
[Site "Litomerice"]
[Date "1986.08.29"]
[Round "5"]
[White "Sarwinski, Miroslaw"]
[Black "Moehring, Guenther"]
[Result "1-0"]
[WhiteElo "2395"]
[BlackElo "2310"]
[Annotator "Moehring,G"]
[PlyCount "57"]
[EventDate "1986.08.26"]
[EventType "tourn"]
[EventRounds "11"]
[EventCountry "CSR"]
[EventCategory "3"]
[SourceTitle "EXT 2010"]
[Source "ChessBase"]
[SourceDate "2010.11.25"]
[SourceVersion "1"]
[SourceVersionDate "2010.11.25"]
[SourceQuality "1"]

1. d4 Nf6 2. c4 e6 3. Nc3 d5 4. Bg5 Be7 5. Nf3 O-O 6. e3 h6 7. Bh4 b6 8. Rc1
Bb7 9. Bxf6 Bxf6 10. cxd5 exd5 11. b4 c5 12. bxc5 bxc5 13. Be2 Nc6 14. O-O cxd4
15. exd4 Na5 16. Re1 Re8 17. Qd2 Nc4 18. Qf4 Qa5 19. h4 Rac8 20. g4 Nb6 $2 (
20... Be7 $17) 21. g5 Rxc3 22. gxf6 Rxc1 23. Rxc1 Nd7 24. fxg7 Qb6 25. Bd3 Ba6
26. Bf5 Qf6 27. Qg4 Nb6 28. Ne5 Re7 $2 (28... Nc4 29. Nd7 Qd6 $16) 29. Bh7+ {
1:57-2:15} 1-0

[Event "World Women-ch k.o."]
[Site "Teheran"]
[Date "2017.02.19"]
[Round "3.4"]
[White "Tan, Zhongyi"]
[Black "Padmini, Rout"]
[Result "1-0"]
[WhiteElo "2502"]
[BlackElo "2387"]
[Annotator "Moradiabadi,E"]
[PlyCount "77"]
[EventDate "2017.02.11"]
[EventType "k.o."]
[EventRounds "7"]
[EventCountry "IRI"]
[SourceTitle "CBM 177"]
[Source "ChessBase"]
[SourceDate "2017.03.16"]
[SourceVersion "1"]
[SourceVersionDate "2017.03.16"]
[SourceQuality "1"]

1. d4 {As usual, Tan Zhongyi plays it simple and to-the-point in a must-win
situation.} d5 2. c4 e6 3. Nc3 Nf6 4. Bg5 Be7 5. e3 h6 6. Bh4 O-O 7. Nf3 b6 8.
Be2 Bb7 9. Bxf6 Bxf6 10. cxd5 exd5 11. O-O Nd7 12. Qb3 c6 13. Rad1 {Nothing
out of the book so far. This position has been seen several times before.} Re8
14. Rfe1 Be7 $6 {A serious inaccuracy.} (14... g6 15. e4 Nf8 16. e5 Bg7 17. Bd3
Ne6 {½-½ (55) Korobov,A (2713)-Meier,G (2623) Antalya 2013; is one fighting
way to manage this position.}) (14... Nf8 {is equally good} 15. e4 Ne6) 15. e4
dxe4 $2 {But this one is a losing blunder! It is funny that these moves have
all been played before and this line is a known losing continuation!} 16. Bc4
Rf8 17. Ne5 Nxe5 18. dxe5 Qc7 19. e6 fxe6 {[#]} (19... Bd6 20. Nxe4 Bxh2+ 21.
Kh1 fxe6 22. Rd7 Qb8 23. g3 Qe8 24. Rxb7 Qh5 25. Kg2 {1-0 (25) Kelecevic,N 
(2380)-Rizzo, M (2005) Mendrisio 1988}) 20. Rd7 {Despite a number of
inaccuracies, Tan Zhongyi converted her advantage comfortably from here.} Qf4
21. Rf1 Bc5 22. Rxb7 e3 23. Ne2 exf2+ 24. Kh1 Qe5 25. Qc3 Qxc3 26. Nxc3 Kh8 27.
Ne4 Bd4 28. b3 b5 29. Be2 e5 30. g3 Rad8 31. Rd1 h5 32. Kg2 h4 33. Ng5 f1=Q+
34. Rxf1 Rxf1 35. Bxf1 Rf8 36. Rf7 Rxf7 37. Nxf7+ Kg8 38. Nd8 hxg3 39. hxg3 1-0

[Event "World Women-ch k.o."]
[Site "Teheran"]
[Date "2017.02.19"]
[Round "3.5"]
[White "Tan, Zhongyi"]
[Black "Padmini, Rout"]
[Result "1-0"]
[WhiteElo "2502"]
[BlackElo "2387"]
[Annotator "Moradiabadi,E"]
[PlyCount "99"]
[EventDate "2017.02.11"]
[EventType "k.o."]
[EventRounds "7"]
[EventCountry "IRI"]
[SourceTitle "CBM 177"]
[Source "ChessBase"]
[SourceDate "2017.03.16"]
[SourceVersion "1"]
[SourceVersionDate "2017.03.16"]
[SourceQuality "1"]

1. d4 d5 2. c4 e6 3. Nc3 Nf6 4. Bg5 Be7 5. e3 O-O {Padmini remains faithful to
her choice. We have another QGD.} 6. Nf3 h6 7. Bh4 b6 8. Be2 Bb7 9. Bxf6 Bxf6
10. cxd5 exd5 11. b4 $5 {Tan Zhongyi deviates and plays a different
continuation.} c6 12. O-O Qd6 {Adams handled this game against Giri with a
similar idea but different move order.} (12... Re8 13. Rc1 a5 14. b5 c5 15. Na4
c4 16. Ne5 Ra7 17. f4 Nd7 18. e4 Nxe5 19. dxe5 Be7 20. exd5 Bxd5 21. Qd4 c3 22.
Qxc3 Bxa2 23. Qe3 Bb4 24. Rc2 Be6 25. f5 Bd5 26. Nxb6 Rae7 27. Nxd5 Rxe5 28.
Qf3 Rxd5 29. Kh1 Rde5 30. Bc4 Re1 31. Rc1 Rxf1+ 32. Rxf1 Qc7 33. Bb3 Qe5 34. f6
Qxb5 35. fxg7 Qxf1+ 36. Qxf1 Re1 37. Bxf7+ Kxg7 38. Qxe1 Bxe1 39. Bb3 h5 40. g3
h4 {1/2-1/2 (40) Giri,A (2778)-Adams,M (2744) Reykjavik 2015}) 13. Qb3 Nd7 14.
Rfd1 Rfe8 15. Rac1 g6 (15... a5 {If memory serves, this move is a must at this
moment.}) 16. Bf1 {A typical waiting move, White is preparing a4-a5.} Be7 17.
Rb1 Bf8 18. g3 {White plans a fianchetto but in general, he just waits for
Black's a5. A move Black needs to play one way or other.} a5 19. bxa5 Rxa5 20.
a4 Kg7 21. Bh3 f5 $2 {Too risky, Black has a weakness on b6 but this moves
adds to her headache by weakening the king.} 22. Ne5 $2 {This worked for
Zhongyi here but I would have preferred the known manoeuvre of Nc3-e2-f4-d3-e5
which is hard to prevent!} (22. Ne2 Rea8 23. Nf4 Rxa4 24. Nh4 $1 $18) 22...
Rxe5 $4 {Probably Padmini just panicked.} (22... Nxe5 23. dxe5 Qc7 $1 24. Qxb6
Qxb6 25. Rxb6 Ba8 26. Bf1 (26. f4 Bc5 {with huge advantage for Black.}) 26...
Rxe5 27. Rdb1 Re8 {with a better endgame for Black.}) 23. dxe5 Qxe5 24. Bf1 Ra8
25. Ne2 Bd6 26. Nd4 Bc7 27. Rbc1 Qf6 28. Bg2 $18 {White has consolidated her
advantage. It is not a clear-cut win but White should be technically winning
here. Tan Zhongyi managed to convert her advantage with ease.} Ra5 29. Qc2 Nc5
30. Nb3 Nxb3 31. Qxb3 Bd8 32. e4 fxe4 33. Bxe4 Ba6 34. Bd3 Bxd3 35. Rxd3 d4 36.
Rf3 Rf5 37. Rxf5 gxf5 38. Re1 c5 39. Qd5 Be7 40. Re6 Qf7 41. Qe5+ Bf6 42. Qxf5
c4 43. Rd6 d3 44. Rd7 Be7 45. Qe5+ Kf8 46. Qh8+ Qg8 47. Qxh6+ Ke8 48. Qc6 Kf8
49. Qc8+ Kf7 50. Rxe7+ 1-0

[Event "Amsterdam Euwe Memorial"]
[Site "Amsterdam"]
[Date "1996.03.28"]
[Round "6"]
[White "Piket, Jeroen"]
[Black "Short, Nigel D"]
[Result "1/2-1/2"]
[WhiteElo "2570"]
[BlackElo "2665"]
[Annotator "Mowsziszian,K"]
[PlyCount "100"]
[EventDate "1996.03.22"]
[EventType "tourn"]
[EventRounds "9"]
[EventCountry "NED"]
[EventCategory "18"]
[SourceTitle "CBM 052"]
[Source "ChessBase"]
[SourceDate "1996.06.01"]
[SourceVersion "1"]
[SourceVersionDate "1996.06.01"]
[SourceQuality "1"]

1. d4 {Hecht Ftacnik} Nf6 2. c4 e6 3. Nf3 d5 4. Nc3 Be7 5. Bg5 h6 6. Bh4 O-O 7.
e3 b6 8. Qb3 Bb7 9. Bxf6 Bxf6 10. cxd5 exd5 11. Rd1 Re8 12. Bd3 c5 (12... Nc6
13. O-O Na5 14. Qc2 c5 15. dxc5 bxc5 16. Na4 c4 17. Be2 Qc7 18. Nc3 Rad8 19.
Rd2 Rd7 20. Rfd1 Red8 21. Nd4 Nc6 22. Ndb5 Qa5 23. Bxc4 a6 24. Nxd5 Rxd5 25.
Rxd5 Rxd5 26. Bxd5 Qxb5 27. a4 Qb6 28. Qe4 Nd8 29. Bxb7 Nxb7 30. b4 $16 {
1-0 Polugaevsky,L-Tal,M (01)/Alma Ata cm/1980/42}) 13. dxc5 Nd7 14. c6 (14.
cxb6 Nc5 (14... d4 $5) 15. Qc2 Nxd3+ (15... Qxb6 $5) 16. Rxd3 Qxb6 $44 (16...
axb6 {mit der Idee Ba6 und aktivem Spiel für Schwarz.})) 14... Bxc6 15. O-O Nc5
16. Qc2 (16. Qa3 {Ftacnik} a5 17. Ne2 (17. Be2 Bb7 18. Nd4 Qd6 19. Na4 g6 20.
Bf3 Rad8 21. Nxc5 Qxc5 22. Qd3 $10 {Smejkal,J-Beliavsky,A/Baden/1980/}) 17...
Qd6 18. Ned4 Bb7 19. Bb5 Red8 20. Qc3 Rac8 21. Qd2 Ne4 22. Qe2 Ng5 23. Rd2 g6
24. h3 {Bagirov,V-Beliavsky,A/USSR/1981/1/2-1/2 (50)}) 16... Bb7 (16... Nxd3
17. Qxd3 Rc8 18. Nd4 Bb7 19. Rd2 Qe7 20. Rfd1 Red8 21. Nce2 g6 22. Qb3 Be5 23.
Nf3 Bf6 24. h3 Kg7 25. Nf4 Qe4 26. Nd4 h5 27. Qa4 a6 28. Nde6+ $1 Qxe6 (28...
fxe6 29. Qxe4 dxe4 30. Nxe6+ Kf7 31. Nxd8+ $18) 29. Nxe6+ fxe6 30. Rc2 {
1-0 Barlov,D-Gomez Esteban,J/Mesa op ;TD 92\09 1992 (38)}) (16... Rc8 {Ftacnik}
17. Nd4 (17. Bh7+ Kh8 18. Bf5 Ne6 19. Qb3 Bxc3 20. bxc3 Qf6 21. Bg4 Bb7 22. Nd4
Ba6 23. Rfe1 Bc4 24. Qa3 Rc7 {0-1 Gulko,B-Radashkovich,I/USSR/1971/ (33)}) (17.
Bb5 {Konikowski} Ne4 18. Bxc6 Rxc6 19. Qa4 Nxc3 20. bxc3 Rc5 21. c4 {0.5
Gurevich,D-Portisch,L/New York/1984/}) 17... Bxd4 {1/2-1/2 Polugaevsky,L-Tal,M
(03)/Alma Ata cm/1980/}) 17. Bb5 (17. Bh7+ Kh8 18. Bf5 Qd6 $5 $13 {/\ Rad8} 19.
e4 $6 d4 (19... Bxc3 $2 {Ftacnik} 20. bxc3 g6 21. e5 $16) 20. Nb5 Qf4 21. Nfxd4
Nxe4 22. g3 Qe5 23. Rfe1 Qc5 $1 $15 24. Rxe4 $140 $2 Bxe4 25. Bxe4 Rad8 $17) (
17. Rd2 {Ftacnik} Rc8 18. Bh7+ Kh8 19. Bf5 Bxc3 20. bxc3 Rc7 $10) (17. Bc4 {
Ftacnik} Bxc3 18. Qxc3 Rc8 $10) 17... Re7 (17... Re6 {Ftacnik} 18. Nd4 $14) 18.
Nxd5 (18. Nd4 {Ftacnik} Rc8 $10) 18... Bxd5 19. Qf5 Bxb2 (19... a6 20. Rxd5 Qc8
21. Qxc8+ (21. Bd3 Nxd3 22. Qxd3 Bxb2 23. Qb3 Qe6 $1 $10 (23... Qe6 24. Rfd1
Bf6 25. Rd8+ (25. Rd6 Qxb3 26. axb3 Rb7 $10) 25... Rxd8 26. Rxd8+ Kh7 27. Qd3+
Qe4 28. Qxa6 Ra7 $1 29. Qd3 Qxd3 30. Rxd3 Rxa2 $10)) 21... Rxc8 22. Be2 Bxb2 (
22... Na4 23. Bxa6 Ra8 24. Bc4 Nxb2 25. Bb3 $16) 23. Rb1 (23. Rb1 {Ftacnik} Na4
24. Bxa6 Ra8 25. Bc4 $1 Rc7 26. Nd2 $1 Rac8 27. Bb3 Rc1+ 28. Rxc1 Rxc1+ 29. Nf1
Nc3 30. Rd8+ Kh7 31. g3 $16)) 20. Rxd5 Qc8 (20... Qc7 $5 {Ftacnik}) 21. Qc2 Bf6
22. Nd4 $146 (22. Rfd1 a6 23. Bf1 Re8 24. Bc4 $5 Ra7 $2 25. Rd6 $1 $16 {/\ Rf6}
b5 $6 26. Rxf6 $1 gxf6 27. Qg6+ {1-0 Lautier,J-Beliavsky,A/Dortmund/1995/ (34)}
) 22... a6 23. Be2 (23. Bc4 Ne4) 23... Qc7 24. Bf3 Rae8 (24... Rc8 25. Nf5 Re5
26. Rd2) 25. Rd1 (25. Nf5 $5 Re5 26. Rd2) 25... g6 26. g3 Rc8 27. Kg2 Bxd4 (
27... Ne6 28. Nc6 $1 (28. Qxc7 Rcxc7 29. Rd6 Nxd4 30. exd4 Re6 $10) 28... Qxc6
29. Rd8+ Nxd8 30. Rxd8+ Rxd8 31. Qxc6 Re6 32. Qb7 $14 {/\Bd5}) (27... Rd7 28.
Nc6 Rxd5 29. Bxd5 Kg7 $10) 28. exd4 $14 (28. R5xd4 $10 {Der Springer auf c5
wird stark}) (28. R5xd4 {Ftacnik} Rd7 29. Rxd7 Nxd7 30. Qxc7 Rxc7 $10) 28...
Nb7 (28... Ne6 {Ftacnik} 29. Qxc7 Rcxc7 30. Rd6 $14) 29. Qd3 (29. Qd2 {Ftacnik}
Kh7) 29... b5 30. a4 (30. h4 $5) 30... Nd6 (30... bxa4 $2 {Ftacnik} 31. Qxa6
Qc4 32. Rb5 $16) 31. axb5 axb5 32. Qa3 (32. Rc5 {Ftacnik} Qd7 33. Rxc8+ Nxc8
34. Ra1 $14) 32... Rd8 (32... Nc4 {Ftacnik} 33. Qb4 $16) 33. Rc1 Nc4 34. Qb4
Rxd5 35. Bxd5 Qd7 36. Bxc4 (36. Qc5 {Ftacnik} Nd6 $14) 36... bxc4 {Hecht:
DT-DT: blockierter weißer Mehrfreibauer, Aufgabe der Blockade zwecks
Gegenangriff mit Dauerschach} 37. Qxc4 Re4 38. Rd1 (38. Qc8+ {Ftacnik} Qxc8 39.
Rxc8+ Kg7 40. Rd8 $16) 38... h5 {/\h4} 39. f3 (39. h4 $2 Rxh4 $1 40. gxh4 Qg4+)
39... Re8 40. d5 {Ftacnik: Black will have to use all his witts to save
himself from the pawn march.} Qd6 41. Rd2 (41. Qc6 {Ftacnik} Re2+ 42. Kh1 Qe5
$132) 41... Rd8 42. Qd4 Kh7 43. Qe4 Rd7 44. h4 Re7 45. Qf4 Qa6 (45... Qxf4 {
Ftacnik} 46. gxf4 f6 (46... Kg7 47. Kf2 Kf6 48. d6 Rd7 49. Ke3 Ke6 50. Ke4 f5+
$10) 47. d6 Rd7 48. f5 g5 49. Kg3 $16) 46. d6 (46. Kf2 Qa1 47. Re2 Rxe2+ 48.
Kxe2 Qa2+ $10) 46... Re2+ $1 47. Kh3 (47. Rxe2 {Ftacnik} Qxe2+ 48. Kh3 Qf1+ $10
) 47... Qa1 $1 48. Qxf7+ Kh8 (48... Kh6 {Ftacnik} 49. Qf8+ Kh7) 49. Rxe2 Qh1+
50. Rh2 Qf1+ (50... Qf1+ {Ftacnik} 51. Rg2 Qh1+ $10) 1/2-1/2